000 00284nam a22001217a 4500
008 160419b xxu||||| |||| 00| 0 eng d
020 _a9780781793841
020 _a078179384X
041 _aeng
080 _a618.2
245 1 0 _aClinical nursing skills:
_cPamela Lynn;
942 _2udc
_cBK
999 _c1432
_d1432